00413pam a2200145 a 4500020000500000040002500005041001300030082001500043100002100058245010500079260004300184300001200227365001000239653001800249 c aMedical College Lib. aENGhENG a616.4bMOR aMorgan, D. B. . aClinics in Endocrinology and Metabolism - Electrolyte Disorders Vol 13 No. 2 / chTextual Documents a : bW. B. SAUNDERS COMPANY , c1984. a64 ; c a49=50 aEndocrinology